[Event "Stay Safe Play From Home 307"]
[Site "Emanuel Lasker Arena"]
[Date "2020.07.16"]
[Round "1"]
[White "Hetou"]
[Black "SoulofWolf"]
[Result "1-0"]
[WhiteElo "2468"]
[BlackElo "2111"]
[Annotator "TA"]
[PlyCount "77"]
[EventDate "2020.07.16"]
[EventType "swiss (blitz)"]

{[%evp 9,77,0,0,0,32,-8,29,31,27,30,56,37,37,33,73,31,70,58,45,32,29,18,29,0,51,13,68,54,172,39,56,-20,-15,-46,366,-29,602,538,604,502,637,633,1220,1207,1120,1041,1217,1348,1231,1340,1287,1266,1351,1184,29987,1129,1320,1125,1258,1126,1103,1100,1037,1002,2234,2162,1910,1597,1854,2681]} 1. g3 e6 2. Nf3 c5 3. Bg2 Nf6 4. d4 d5 5. dxc5 Bxc5 {[#]} 6. c4 $1 {[%mdl 512] D02: 1 d4 d5 2 Nf3 sidelines, including 2...Nf6 3 g3 and 2...Nf6 3 Bf4.} Nbd7 (6... dxc4 7. Qxd8+) 7. O-O O-O 8. cxd5 {White has an edge.} Nxd5 9. e4 {[#]} N5b6 $146 ({Predecessor:} 9... N5f6 10. Qe2 e5 11. Nc3 b6 12. Rd1 Ng4 13. Rf1 Bb7 14. h3 Ngf6 15. Bg5 h6 16. Bxf6 Qxf6 {½-½ (38) Buganca,L (1854)-Calcado,A (2132) Florianopolis 2020}) 10. Qe2 Qe7 11. Rd1 Nf6 12. Nc3 Bd7 13. Bg5 $36 {[%mdl 2048] Black must now prevent e5. White has some pressure.} h6 14. Bxf6 Qxf6 15. e5 Qe7 16. a4 a6 (16... a5 $11) 17. a5 Nc8 (17... Nd5 $1 $11) 18. Ne4 Ba7 {[#]} (18... Bc6 $14) 19. Rac1 ({White should play} 19. Nf6+ $1 $18 {[%mdl 512]} gxf6 20. exf6 Qxf6 21. Rxd7) 19... Bc6 20. Nd6 ({Better is} 20. Nd4 $14 Bxd4 21. Rxd4) 20... Rd8 $1 $11 {[%cal Rc8d6]} 21. Qd2 Rd7 $2 {[%mdl 8192] [#] White now steadily converts the win.} (21... Qf8 $15 {keeps the upper hand.}) 22. h4 $2 (22. Rxc6 $1 $18 {[%mdl 512]} bxc6 23. Nxc8 Bxf2+ 24. Kf1 Rxc8 25. Qxd7 Qxd7 26. Rxd7) 22... Bb8 $2 {[%mdl 8192]} (22... Qf8 $11) 23. Nxc8 Qd8 24. Nd6 Bxd6 25. exd6 Ba4 26. Ne5 Bxd1 27. Rxd1 Rc8 28. Nxd7 Qxd7 29. Qb4 Rb8 30. Qb6 Kf8 31. Qc7 Ke8 32. Rc1 (32. Qxb8+ $142 Qd8 33. d7+ Ke7 34. Qxd8+ Kxd8 35. Bxb7 g6 36. Bxa6 g5 37. hxg5) 32... Rd8 $18 {White is clearly winning.} 33. Bxb7 {White wants to mate with Bc6!} Qxd6 34. Bc6+ Kf8 35. Qxd6+ Rxd6 36. b4 Ke7 37. b5 axb5 38. a6 {[%cal Ba5a6,Ba6a7][%mdl 32]} b4 39. a7 {Accuracy: White = 56%, Black = 23%.} 1-0

[Event "Stay Safe Play From Home 307"]
[Site "Emanuel Lasker Arena"]
[Date "2020.07.16"]
[Round "1"]
[White "Broken sword"]
[Black "Bardellosport"]
[Result "1-0"]
[WhiteElo "2435"]
[BlackElo "1986"]
[Annotator "TA"]
[PlyCount "105"]
[EventDate "2020.07.16"]
[EventType "swiss (blitz)"]

{[%evp 14,105,55,52,64,22,31,28,50,41,60,60,63,64,67,60,69,62,75,78,77,76,74,47,70,78,70,76,82,70,70,63,70,56,68,65,82,26,70,69,77,78,75,68,100,97,106,100,169,170,171,69,185,148,279,77,74,75,87,58,61,57,193,188,195,175,269,280,295,297,278,268,250,194,181,180,386,142,162,160,214,215,215,116,203,191,347,164,454,216,1485,1485,1462,1452]} 1. e4 e6 2. d4 d5 3. Nd2 dxe4 4. Nxe4 Bd7 5. Nf3 Bc6 6. Bd3 Bxe4 7. Bxe4 c6 8. c3 Nd7 {C10: French with 3 Nc3: Unusual Black 3rd moves and 3...dxe4.} 9. Qb3 Ngf6 10. Bc2 Qb6 {White has an edge.} 11. O-O (11. Bf4 {with more complications.} Be7 12. O-O O-O 13. Rfe1 Rfd8 14. h3) 11... Qxb3 {[#]} 12. axb3 $146 ({Predecessor:} 12. Bxb3 Bd6 13. Re1 O-O 14. Ne5 c5 15. Nxd7 Nxd7 16. Rd1 Nb6 17. dxc5 Bxc5 18. Bf4 {½-½ (28) Langenfeld,O (1701)-Ripplinger,P (1610) Rotenburg/Wuemme 2006}) 12... a6 13. b4 Bd6 14. Nd2 O-O 15. Nb3 Nb6 16. Na5 Rab8 17. Re1 Nfd5 18. Bg5 Be7 19. Bd2 Bf6 20. Bb3 h6 21. h3 g5 22. Rad1 Kg7 23. Bc1 Be7 24. Bc2 Bd6 25. Bd3 ({White should play} 25. h4 $16) 25... Nf4 26. Bf1 Nfd5 27. g3 Rfe8 28. Bg2 f5 29. Re2 Kf6 30. Rde1 Re7 (30... Nc7 $16) 31. Bd2 $18 h5 32. Kh1 (32. c4 $18) 32... g4 (32... h4 $1 $14) 33. h4 {Black must now prevent Bg5+.} Kf7 (33... f4 $16 34. f3 gxf3 35. Bxf3 Ne3) 34. Bg5 $2 (34. c4 $1 $18) 34... Ree8 $16 35. Kg1 Bc7 36. Bc1 Nd7 37. Nb3 $36 {[%mdl 2048] Black is under pressure.} N7b6 (37... N5f6 $14) 38. Nc5 $18 Bd6 39. Nxe6 Re7 (39... Nc7 $142) 40. Ng5+ Kf8 41. Rxe7 Bxe7 42. Ne6+ Kf7 43. Nf4 Nxf4 44. Bxf4 Rd8 $2 (44... Re8 {was worth a try.} 45. Re5 Bd8 46. Rxf5+ {[%mdl 64] Double Attack} Kg6) 45. Kf1 $2 (45. Bc7 $18 {is more deadly.} Nc4 46. Bxd8 Bxd8 47. d5) 45... Nd5 46. Bc1 Bd6 {[#]} (46... Bf6 $16 {might work better.} 47. Bd2 Rh8) 47. Bxd5+ $1 cxd5 {[%mdl 4096] Endgame [#] KRB-KRB} 48. Bg5 (48. Bf4 $1 $18) 48... Rd7 (48... Re8 $16 {keeps fighting.} 49. Rxe8 Kxe8) 49. Re2 Kg6 $2 (49... b6 50. Re1 a5 51. bxa5 bxa5) 50. Ke1 (50. Re6+ $142 Kg7 51. Rh6) 50... b5 $2 (50... Kf7 51. Kf1 b6) 51. Kd2 (51. Re6+ $142 Kg7 52. Ke2) 51... Ra7 $2 (51... Kf7 52. Kd3 Ra7) 52. Re6+ {[%mdl 64] Double Attack} Kf7 53. Rxd6 {Accuracy: White = 61%, Black = 50%.} 1-0

[Event "Stay Safe Play From Home 307"]
[Site "Emanuel Lasker Arena"]
[Date "2020.07.16"]
[Round "1"]
[White "Lamborghini"]
[Black "Grazie"]
[Result "1-0"]
[WhiteElo "2173"]
[BlackElo "1942"]
[Annotator "TA"]
[PlyCount "53"]
[EventDate "2020.07.16"]
[EventType "swiss (blitz)"]

{[%evp 9,52,28,45,40,45,30,27,37,21,37,79,58,59,56,56,39,44,33,161,161,349,366,337,360,880,899,1105,591,585,347,634,616,3060,2626,29994,919,29994,29995,29997,29998,29998,29999,29999,29998,29999]} 1. e4 e6 2. d3 d5 3. Nd2 dxe4 4. dxe4 Nf6 5. Ngf3 b6 6. Bb5+ {C00: French: Unusual White 2nd moves.} c6 7. Bd3 Bb7 {[#]} 8. e5 $146 {White has an edge.} ({Predecessor:} 8. O-O Nbd7 9. Re1 Qc7 10. Nc4 h6 11. a4 O-O-O 12. e5 Nd5 13. c3 Nc5 14. Bf1 Nxc3 {½-½ (34) Kolker,V (1870)-Tierling,D (1942) Frankfurt 2012}) 8... Nd5 9. O-O Nb4 10. Be4 Nd7 11. a3 $36 {[%mdl 2048] White has the initiative.} Nd5 12. Re1 Qc7 13. Nc4 Be7 {This move loses the game for Black.} ({Black should try} 13... b5 $14 14. Ncd2 Nc5) 14. Bg5 $18 Bxg5 $2 (14... h6) 15. Nd6+ ({But not} 15. Nxg5 Ke7 $18) 15... Ke7 {[#] Threatens to win with ...Nxe5!} 16. Nxg5 h6 $2 (16... Raf8 17. Nxb7 (17. Nxh7 Nxe5 18. Nxb7 Rb8 $18) 17... Nxe5) 17. Ngxf7 Nxe5 18. Nxe5 {Strongly threatening Bxd5.} Qxd6 19. c4 Qxe5 $2 (19... Nf4) 20. Bxd5 $1 Qxb2 21. Rxe6+ Kf8 22. Bf3 (22. Qf3+ $142 Qf6 23. Rxf6+ Ke7 24. Rf7+ {[%mdl 64] Double Attack} Kd6 25. Qg3+ Kc5 26. Qe3+ Kd6 27. Qe7#) 22... Re8 23. Qd6+ {[%mdl 64] [#] Double Attack. White mates.} Kg8 24. Rxe8+ Kh7 25. Be4+ g6 26. Re7+ Kg8 27. Qd8# {Accuracy: White = 68%, Black = 27%.} 1-0

[Event "Stay Safe Play From Home 307"]
[Site "Emanuel Lasker Arena"]
[Date "2020.07.16"]
[Round "1"]
[White "Scorpio New"]
[Black "Lazieri3"]
[Result "0-1"]
[WhiteElo "2058"]
[BlackElo "2120"]
[Annotator "TA"]
[PlyCount "36"]
[EventDate "2020.07.16"]
[EventType "swiss (blitz)"]

{[%evp 9,36,-15,-8,-16,7,-6,13,-42,-4,-46,30,-9,0,0,10,8,25,-150,-109,-1272,-1250,-1223,-1228,-1142,-861,-859,-846,-855,-842]} 1. d3 c6 2. Nf3 d5 3. Nbd2 Nf6 4. c3 Bg4 5. Qc2 {[#]} e6 $146 ({Predecessor:} 5... Nbd7 6. e4 e5 7. Be2 Bd6 8. Nf1 dxe4 9. dxe4 Nc5 10. Ng3 Nh5 11. O-O Nxg3 12. hxg3 {½-½ (39) Miltner,A (2355)-Masserey,Y (2300) Germany 1999}) 6. e4 {A00: Irregular Openings.} h6 7. h3 Bh5 8. a4 (8. d4 $11) 8... Nbd7 9. g3 Bc5 (9... dxe4 $15 10. dxe4 Nc5) 10. Bg2 dxe4 11. dxe4 O-O 12. O-O Qc7 13. Nc4 $2 (13. b4 $11 Be7 14. Nc4) 13... Qxg3 14. b4 $2 {[%mdl 8192] White does not recover from this.} (14. Nd4 $17 Qh4 15. a5) 14... Bxf3 $19 {[%csl Gf3][%cal Rg3g2] [#]Black is clearly winning.} 15. Ne3 Bxe3 16. fxe3 Bxg2 17. Qxg2 Qxg2+ 18. Kxg2 Nxe4 {Accuracy: White = 17%, Black = 71%.} 0-1

[Event "Stay Safe Play From Home 307"]
[Site "Emanuel Lasker Arena"]
[Date "2020.07.16"]
[Round "1"]
[White "Buzaglo"]
[Black "AChessPlayer"]
[Result "0-1"]
[WhiteElo "2023"]
[BlackElo "2399"]
[Annotator "TA"]
[PlyCount "124"]
[EventDate "2020.07.16"]
[EventType "swiss (blitz)"]

{[%evp 12,124,26,11,45,-53,56,-54,35,-53,-52,-91,-53,-54,-44,-35,-8,-39,-43,-43,26,-23,0,-8,67,64,81,89,89,3,58,-388,-52,-79,-70,-387,-102,-525,-61,-535,-63,-72,-61,-63,-52,-58,-83,-158,-66,-63,-46,-47,-32,-93,0,0,77,-38,0,0,0,0,0,0,0,-10,0,-12,0,0,0,0,0,-18,36,-18,329,0,0,-18,0,0,175,0,0,0,0,-695,-654,-725,-714,-29987,-29988,-29988,-29989,-29990,-29991,-29991,-29992,-29992,-29993,-29993,-29993,-29994,-29993,-29993,-29992,-29993,-29992,-29992,-29992,-29992,-29992,-29992,-29993]} 1. d4 d5 2. Nf3 Nf6 3. g3 c6 4. Bg2 g6 5. O-O Bg7 6. Nbd2 O-O 7. c4 dxc4 {7...a5 is the modern continuation. D78: Fianchetto Grünfeld: 6 0-0 c6.} 8. Re1 (8. Nxc4 $14 Be6 9. b3) 8... Nbd7 (8... b5 $15) 9. e4 (9. Nxc4 $14 Nb6 10. Na5) 9... Nb6 {[#]} (9... b5 $1 $15) 10. e5 $146 (10. a4 $14) ({Predecessor:} 10. Qc2 Be6 11. Ng5 Bc8 12. Nxc4 Qxd4 13. Nxb6 Qxb6 14. Be3 Qc7 15. Rad1 h6 16. Nf3 {0-1 (35) Disque,P-Catania,D (1747) ICCF email 2011}) 10... Nfd5 $15 11. Ne4 a5 12. Nc5 a4 13. a3 c3 14. bxc3 Nxc3 15. Qc2 Ncd5 (15... Nb5 $15) 16. Bg5 h6 17. Bd2 Bf5 ({Better is} 17... Nc7 $11) 18. Qc1 $14 {[%mdl 1024] White has compensation.} Kh7 19. Nh4 Bc8 20. h3 (20. e6 $16) 20... e6 (20... Nc7 $11) 21. g4 $2 {[%mdl 8192]} (21. Ne4 $14) 21... Nd7 $2 (21... Qxh4 $19 22. Ne4 f6) 22. Nxd7 Bxd7 23. Rb1 $2 {[%mdl 8192]} (23. g5 $15) 23... b5 $2 (23... Qxh4 $19 24. Rxb7 Bc8) 24. Qc5 $2 {[%mdl 8192]} (24. Nf3 $17 {is tougher.}) 24... Qe7 $2 (24... Qxh4 $19 25. Re4 Rfc8) 25. Bb4 $2 {[%mdl 8192]} (25. Qxe7 $15 Nxe7 26. Bb4) 25... Qxc5 $2 (25... Qxh4 $19 26. Bxd5 exd5) 26. Bxc5 $15 Rfe8 27. Nf3 Bf8 28. Bxf8 Rxf8 29. Rec1 {[#]} (29. Nd2 $142) 29... Rfc8 ({Black should play} 29... b4 $1 $17 {[%mdl 512]} 30. Bf1 (30. axb4 Rfb8) 30... Rfb8) 30. Nd2 Kg7 31. Ne4 $1 Nf4 {Hoping for ...Ne2+.} 32. Bf3 (32. Kh2 $1 $15) 32... Be8 (32... Nxh3+ $17 33. Kg2 Nf4+ 34. Kg3 g5) 33. Kh2 $11 Kf8 (33... Rd8 $11 {remains equal.} 34. Nd6 Ra6) 34. Nc5 (34. Nd6 $16) 34... Nd5 35. Bxd5 cxd5 36. f4 Ke7 37. Kg3 Bc6 38. h4 Be8 39. g5 h5 40. Kf3 Rc7 41. Ke3 Rac8 42. Rc3 Bc6 ({Black should try} 42... Ra7 $11) 43. Rbc1 (43. Na6 $14 Ra7 44. Nb4) 43... Kd8 $2 {[%mdl 8192]} (43... Bd7 $11) 44. Kd2 $2 ({White has to play} 44. Na6 $18 Kd7 45. Nxc7 Rxc7 46. Rc5) 44... Bd7 45. Ke3 b4 46. axb4 Bb5 $2 {[#]} (46... Ra7 $1 $11 {and Black is okay.}) 47. Ra3 $2 (47. Nb7+ $1 $18 {[%mdl 512]} Kd7 (47... Rxb7 48. Rxc8+) 48. Rxc7+ Rxc7 49. Rxc7+ Kxc7 50. Nd6 {[%mdl 64] Double Attack}) 47... Ke7 48. Rca1 Ra8 49. Nxa4 $2 {[%mdl 8192]} (49. Kf3 $11) 49... Rca7 $19 50. Kd2 Rxa4 51. Kc3 Rxa3+ {Black mates.} 52. Rxa3 Rxa3+ 53. Kb2 Rh3 54. Kc2 Rxh4 55. Kd2 Rxf4 56. Ke3 Rf5 57. Kd2 Rxg5 58. Ke3 Rg4 59. Kf2 Re4 60. Kg3 Rxd4 61. Kf2 Rxb4 62. Ke3 Re4+ {Accuracy: White = 35%, Black = 38%.} 0-1

[Event "Stay Safe Play From Home 307"]
[Site "Emanuel Lasker Arena"]
[Date "2020.07.16"]
[Round "1"]
[White "Greblha"]
[Black "Tolka"]
[Result "0-1"]
[WhiteElo "1899"]
[BlackElo "2327"]
[Annotator "TA"]
[PlyCount "94"]
[EventDate "2020.07.16"]
[EventType "swiss (blitz)"]

{[%evp 9,94,12,25,12,30,10,37,21,60,54,76,25,60,39,77,89,104,85,87,64,75,0,160,119,117,128,119,103,101,108,117,-145,-142,-191,-165,-162,-164,-182,-132,-885,-865,-1050,-1051,-1303,-1014,-1358,-1363,-1388,-1386,-1417,-1154,-29969,-29970,-29964,-12812,-6487,-3313,-2918,-2588,-1965,-2009,-1995,-1723,-29983,-29978,-12836,-12834,-12823,-11656,-11656,-6233,-2062,-2260,-29999,-29981,-29996,-12843,-12844,-12844,-12845,-12844,-12844,-12843,-29998,-29994,-29998,-29999]} 1. e4 e6 2. Qe2 d5 3. exd5 Qxd5 4. Nc3 Qd8 5. g3 Nf6 6. Bg2 {C00: French: Unusual White 2nd moves.} Be7 7. Nf3 O-O 8. O-O {White is slightly better.} Nbd7 9. d4 {[#]} Rb8 $146 ({Predecessor:} 9... c6 10. Ne5 Nd5 11. Ne4 Nxe5 12. dxe5 b5 13. Qh5 Qc7 14. Ng5 Bxg5 15. Qxg5 Bb7 {0-1 (37) Bernadskiy,V (2547)-Nitish,B (2295) Taleigao 2018}) 10. Be3 ({White should play} 10. Rd1 $16) 10... a6 11. Ne5 Nxe5 12. dxe5 Nd7 13. Rfd1 Qe8 14. Ba7 Ra8 {[#]} 15. Be3 (15. Bd4 $1 $16) 15... Nb6 $2 (15... Rb8 $1 $11) 16. Bxb6 cxb6 17. Ne4 Bd7 18. Nd6 Bxd6 19. Rxd6 Bc6 20. Rxc6 $4 {[%mdl 8192]} (20. Bxc6 $16 {keeps the pressure on.} bxc6 21. Qc4) 20... bxc6 $17 21. Rd1 {[#]} Rd8 $1 22. Rxd8 Qxd8 23. Bxc6 $19 {[%mdl 4096] Endgame KQR-KQB} Qd4 24. Ba4 $2 {[%mdl 8192] White does not recover from this.} (24. c3 $17 Qc5 25. Bb7) 24... Qxa4 25. Kg2 Qxa2 26. b3 h6 27. Qc4 b5 28. Qc5 Qb1 29. h4 Qe1 30. Qc7 Qe4+ 31. Kh2 Qf3 32. Kg1 Qd1+ 33. Kg2 Qd5+ 34. Kh2 b4 35. h5 Qf3 36. Qc4 Qxh5+ 37. Kg2 Qxe5 38. Qxb4 Qd5+ 39. Kh2 a5 40. Qf4 h5 41. Kh3 Rd8 {[%cal Rd5h1]} 42. Kh4 Qf5 (42... Qh1+ $142 43. Kg5 Rd5+ 44. Qe5 Rxe5+ 45. Kf4 Qe4#) 43. Qxf5 exf5 44. Kxh5 g6+ 45. Kg5 Kg7 46. f4 Rd2 47. c3 Rh2 {Accuracy: White = 52%, Black = 63%.} 0-1

[Event "Stay Safe Play From Home 307"]
[Site "Emanuel Lasker Arena"]
[Date "2020.07.16"]
[Round "1"]
[White "Haris kollari 13"]
[Black "Weltszmerc"]
[Result "0-1"]
[WhiteElo "1718"]
[BlackElo "2155"]
[Annotator "NA RC"]
[PlyCount "62"]
[EventDate "2020.07.16"]
[EventType "swiss (blitz)"]

1. e4 {[%emt 0:00:02]} Nf6 {[%emt 0:00:01]} 2. e5 {[%emt 0:00:01]} Nd5 {[%emt 0:00:01]} 3. c4 {[%emt 0:00:00]} Nb6 {[%emt 0:00:00]} 4. d4 {[%emt 0:00:01]} d6 {[%emt 0:00:01]} 5. f4 {[%emt 0:00:00]} dxe5 {[%emt 0:00:01]} 6. fxe5 {[%emt 0:00:00]} Bf5 {[%emt 0:00:00]} 7. Be3 {[%emt 0:00:01]} e6 {[%emt 0:00:00]} 8. Nc3 {[%emt 0:00:01]} Be7 {[%emt 0:00:00]} 9. Nf3 {[%emt 0:00:01]} O-O {[%emt 0:00:00]} 10. Be2 {[%emt 0:00:01]} f6 {[%emt 0:00:00]} 11. O-O {[%emt 0:00:03]} Nc6 {[%emt 0:00:01]} 12. exf6 {[%emt 0:00:02]} Bxf6 {[%emt 0:00:00]} 13. c5 {[%emt 0:00:05]} Nd5 {[%emt 0:00:01]} 14. Nxd5 {[%emt 0:00:01]} Qxd5 {[%emt 0:00:02]} 15. Rc1 {[%emt 0:00:02]} a6 {[%emt 0:00:07]} 16. Bc4 {[%emt 0:00:02]} Qd7 {[%emt 0:00:01]} 17. Qd2 {[%emt 0:00:09]} Kh8 {[%emt 0:00:01]} 18. Qc3 {[%emt 0:00:02]} Rad8 {[%emt 0:00:02]} 19. Rcd1 {[%emt 0:00:03]} Ne7 {[%emt 0:00:01]} 20. Ng5 {[%emt 0:00:04]} Nd5 {[%emt 0:00:04]} 21. Bxd5 {[%emt 0:00:04]} exd5 {[%emt 0:00:02]} 22. h4 {[%emt 0:00:03]} Rde8 {[%emt 0:00:01]} 23. Bf4 {[%emt 0:00:02]} h6 {[%emt 0:00:03]} 24. Nf3 {[%emt 0:00:01]} Re4 {[%emt 0:00:02]} 25. Be5 {[%emt 0:00:01]} Bg4 {[%emt 0:00:03]} 26. Bxf6 {[%emt 0:00:02]} Rxf6 {[%emt 0:00:01]} 27. Ne5 {[%emt 0:00:01]} Qe6 {[%emt 0:00:01]} 28. Rxf6 {[%emt 0:00:01]} Qxf6 {[%emt 0:00:04]} 29. Rf1 {[%emt 0:00:00]} Qe6 {[%emt 0:00:02]} 30. Qg3 {[%emt 0:00:01]} Kh7 {[%emt 0:00:02]} 31. Nxg4 {[%emt 0:00:01]} Qxg4 {[%emt 0:00:01] Time (Lag: Av=0.85s, max=1.2s)} 0-1

[Event "Stay Safe Play From Home 307"]
[Site "Emanuel Lasker Arena"]
[Date "2020.07.16"]
[Round "2"]
[White "Hetou"]
[Black "Lamborghini"]
[Result "1-0"]
[WhiteElo "2472"]
[BlackElo "2181"]
[Annotator "TA"]
[PlyCount "43"]
[EventDate "2020.07.16"]
[EventType "swiss (blitz)"]

{[%evp 9,43,-36,-33,-47,-30,-30,-30,-28,-32,-27,-27,-26,-34,-114,-141,-179,-162,-172,-39,-91,-77,-79,27,24,208,208,203,203,202,204,808,789,1176,1166,1206,1188]} 1. g3 e5 2. Bg2 d5 3. Nf3 Nc6 4. d3 Nf6 5. e3 {[#]} h6 $146 ({Predecessor:} 5... Be7 6. b3 Bg4 7. h3 Bh5 8. g4 Bg6 9. Bb2 d4 10. e4 Nd7 11. Nbd2 h5 12. gxh5 Bxh5 {½-½ (21) Novotny,J (2130)-Fiala,J (2187) Czechia 2013}) 6. Qe2 {A07: Réti Opening: New York and Capablanca Systems.} Be6 7. b3 Qd7 8. Bb2 {Black has an edge.} Bd6 9. Nbd2 O-O 10. a3 Rfe8 11. d4 (11. e4 $15) 11... e4 $17 12. Ne5 Bxe5 13. dxe5 Ng4 ({Black should play} 13... Bg4 $19 14. Qf1 Nxe5) 14. f4 ({White should try} 14. O-O-O $15) 14... exf3 $1 15. Nxf3 {[#] And now h3 would win.} Bf5 (15... f6 $1 $17) 16. O-O-O $11 Rad8 $2 {Now Black is done in.} (16... Qe6 $11) 17. h3 $18 Ngxe5 18. Nxe5 Nxe5 19. Rxd5 Qc6 $2 {[#]} (19... Qxd5 20. Bxd5 Rxd5) 20. Rxd8 {White is clearly winning.} Nd3+ 21. Rxd3 Bxd3 22. Bxc6 {Accuracy: White = 70%, Black = 49%.} 1-0

[Event "Stay Safe Play From Home 307"]
[Site "Emanuel Lasker Arena"]
[Date "2020.07.16"]
[Round "2"]
[White "AChessPlayer"]
[Black "Lazieri3"]
[Result "1-0"]
[WhiteElo "2403"]
[BlackElo "2134"]
[Annotator "TA"]
[PlyCount "95"]
[EventDate "2020.07.16"]
[EventType "swiss (blitz)"]

{[%evp 11,95,12,54,49,57,50,73,44,43,33,36,37,35,22,29,0,19,18,18,0,0,5,13,6,21,0,8,9,46,0,0,0,0,0,0,-9,-16,-525,-72,-102,-89,-84,-83,-87,-82,-85,-87,-97,0,-114,-115,-120,-106,-118,-95,-141,0,-133,-121,-119,-112,-116,-108,-111,-94,-137,-103,-108,0,-114,-104,-190,-172,-185,-105,-282,-242,-373,-358,-763,-701,-695,-452,-436,-398,-669]} 1. e4 c6 2. d4 d5 3. Nd2 dxe4 4. Nxe4 Nd7 5. Nf3 Ngf6 6. Ng3 Nb6 7. Bd3 {B17: Caro-Kann: Modern Line (4...Nd7).} Bg4 8. c3 {[#]} Nh5 $146 ({Predecessor:} 8... e6 9. h3 Bxf3 10. Qxf3 Nbd5 11. O-O Bd6 12. Re1 O-O 13. Ne4 Be7 14. Bg5 h6 {0-1 (34) Blazeka,M (2094)-Tica,S (2442) St Filip i Jakov 2018}) 9. Nxh5 {White is better.} Bxh5 10. O-O e6 11. Re1 Bd6 12. Be2 O-O 13. Bg5 Be7 14. Bxe7 Qxe7 15. Ne5 Bxe2 16. Qxe2 Nd7 {[%cal Bb6d7,Bd7c5,Bc5b3][%mdl 32]} 17. Nd3 Qd6 18. a4 a6 19. a5 Rad8 20. Rad1 c5 21. dxc5 Nxc5 22. Ne5 Qc7 23. Nc4 Nb3 24. Qh5 $2 {[%mdl 8192]} (24. Qe4 $11) 24... g6 $2 (24... Qxc4 $19 25. h3 Qc7) 25. Qe2 Nxa5 26. Ne5 Rxd1 27. Rxd1 Rd8 28. Rxd8+ Qxd8 29. g3 Nc6 (29... Qd5 $17) 30. Nf3 (30. Nxc6 $11 bxc6 31. Qxa6) 30... Qd5 $17 31. h4 h5 32. Ng5 Ne5 33. Ne4 {[#] Threatens to win with Nf6+.} Ng4 ({Black should play} 33... Kg7 $17 34. Nd2 Nd3) 34. c4 (34. f3 $11 {was the only way to keep the balance.} f5 35. Ng5 Qc5+ 36. Kf1 Ne3+ 37. Ke1) 34... Qd4 35. b3 a5 36. Kg2 b6 37. Ng5 Qc5 38. Nf3 Qc6 39. Kg1 Qc5 (39... Nf6 $17 40. Ng5 Nd7) 40. Ng5 (40. Kg2 $1 $11) 40... Kg7 41. Qf3 {[#]} (41. Ne4 $17 {might work better.} Qc7 42. Qf3) 41... Qf5 $1 $19 42. Qc3+ Qf6 ({Black should try} 42... f6 $19 43. Nh3 Qb1+ 44. Kg2 Qe4+ 45. Qf3 Qxf3+ 46. Kxf3 Ne5+ 47. Ke4 Nd7) 43. Qxf6+ $2 (43. Qd2 $17 {was worth a try.}) 43... Kxf6 44. Ne4+ (44. c5 $142 bxc5 45. Ne4+ Ke7 46. Nxc5) 44... Ke5 45. Nc3 $2 (45. c5 bxc5 46. Nxc5) 45... Kd4 46. Na4 Kd3 47. Nxb6 {White hopes to continue with Nd7.} Kc3 48. c5 $2 {[%mdl 32768] Accuracy: White = 49%, Black = 73%. . Loss on time!?} (48. Nd7 Kxb3 49. c5) 1-0